Necrons - Units (Warhammer 40,000) - Statistics

General Stats
  • This quiz has been taken 37 times
  • The average score is 34 of 124
Answer Stats
Answer % Correct
The Silent King
80%
Canoptek Doomstalker
75%
C'tan Shard of the Nightbringer
75%
C'tan Shard of the Void Dragon
75%
Flayed Ones
75%
Ghost Ark
75%
Immortals
75%
Trazyn the Infinite
75%
Canoptek Spyders
70%
Canoptek Wraiths
70%
Chronomancer
70%
Lychguard
70%
Monolith
70%
Necron Warriors
70%
Orikan the Diviner
70%
Overlord
70%
Catacomb Command Barge
65%
Doomsday Ark
65%
Night Scythe
65%
Canoptek Scarab Swarms
60%
C'tan Shard of the Deceiever
60%
Doom Scythe
60%
Lord
60%
Tesseract Vault
60%
Tomb Blades
60%
Canoptek Reanimator
55%
Deathmarks
55%
Triarch Praetorians
55%
Imotekh the Stormlord
50%
Plasmancer
50%
Psychomancer
50%
Triarch Stalker
50%
Lokhust Destroyers
45%
Obelisk
45%
Ophydian Destroyers
45%
Skorpekh Destroyers
45%
Technomancer
45%
Annihilation Barge
40%
Anrakyr the Traveller
40%
Hexmark Destroyer
40%
Illuminor Szeras
40%
Lokhust Heavy Destroyers
40%
Royal Warden
40%
Skorpekh Lord
40%
Canoptek Tombstalker
35%
Lokhust Lord
35%
Vargard Obyron
35%
Canoptek Tomb Sentinel
30%
Gauss Pylon
30%
Night Shroud
30%
Seraptek Heavy Construct
30%
Transcendent C'tan
30%
Canoptek Acanthrites
25%
Convergence of Dominion
25%
Cryptothralls
25%
Nemesor Zahndrekh
25%
Sentry Pylon
25%
Canoptek Plasmacyte
20%
Tesseract Ark
20%
Tomb Citadel Walls
20%
Kutlakh the World Killer
10%
Toholk the Blinded
10%
Dedicated Transport
5%
Elites
5%
Fast Attack
5%
Flyer
5%
Fortification
5%
Heavy Support
5%
HQ
5%
Lord of War
5%
Troops
5%
No matching quizzes found
Score Distribution
Percent of People with Each Score
Percentile by Number Answered
Your Score History
You have not taken this quiz